000 00366nam a2200133Ia 4500
008 220120s9999||||xx |||||||||||||| ||und||
020 _a9788177588743
082 _a621.38132 MAI
100 _aMaini, Anil K & Agarwal, Varsha
245 0 _aElectronic devices and circuits
260 _aWiley india
_bNew Delhi
_c2012
300 _a1108p.
_b750
650 _aMECHANICAL
999 _c132855
_d132855